Bernhard Vogel : Reden und Taten in drei Jahrzehnten /
Saved in:
| Main Author: | |
|---|---|
| Other Authors: | |
| Format: | Book |
| Language: | German |
| Published: |
Bonn :
Bouvier,
1997.
|
| Subjects: | |
| Tags: |
Add Tag
No Tags, Be the first to tag this record!
|
| LEADER | 00850nam a2200289 a 4500 | ||
|---|---|---|---|
| 001 | 007784403-3 | ||
| 005 | 20020606104010.5 | ||
| 008 | 980317s1997 gw a 001 0bger c | ||
| 010 | |a 98127030 | ||
| 020 | |a 3416027078 | ||
| 035 | 0 | |a ocm38481347 | |
| 040 | |a CU |c CU | ||
| 042 | |a pcc | ||
| 043 | |a e-gx--- |a e-gw--- | ||
| 050 | 1 | 4 | |a DD290.33.V64 |b W54 1997 |
| 100 | 1 | |a Wiedemeyer, Wolfgang. | |
| 245 | 1 | 0 | |a Bernhard Vogel : |b Reden und Taten in drei Jahrzehnten / |c Wolfgang Wiedemeyer. |
| 260 | |a Bonn : |b Bouvier, |c 1997. | ||
| 300 | |a 178 p. : |b ill. ; |c 22 cm. | ||
| 500 | |a Includes index. | ||
| 600 | 1 | 0 | |a Vogel, Bernhard. |
| 650 | 0 | |a Politicians |z Germany |v Biography. | |
| 651 | 0 | |a Germany |x Politics and government |y 1990- | |
| 651 | 0 | |a Germany (West) |x Politics and government. | |
| 700 | 1 | |a Vogel, Bernhard. | |
| 988 | |a 20020608 | ||
| 906 | |0 OCLC | ||


